000 002800000a22001210004500
003 OSt
008 210323b ||||| |||| 00| 0 eng d
100 _aSreedharan, Perumbadavam
_94911
245 _aOru sankeerthanam pole
260 _aKottayam, NBS
260 _c1993
942 _cBK
999 _c17376
_d17376